00901nam a2200181Ia 4500008004100000020001500041050002100056100004100077245010400118250001800222260004200240300001800282500005700300500012700357505018000484650003700664650001800701120626s1986 sp 000 0 spa d a8425404215 aBF698 bA45 1986 aAllport, Gordon W.d1897-1967eautor aLa personalidad b: su configuración y desarrolloc / Gordon W. Allport; traductor Ismael Antich a8a. edición aEspaña, Barcelonab: Herderc, 1986 a691 páginas aTítulo original: Pattern and growth in personality aIncluye: Prólogo (pp. 9-12), Prefacio (pp. 13-16), Índice de Nombres (pp. 669-678), Índice de materias (pp. 679-689) aEstudio preliminar de la personalidad Desarrollo de la personalidad Estructura de la personalidad Estudio de la personalidad individual Conocimiento de la personalidad aCARACTÉRES Y CARACTERÍSTICAS aPERSONALIDAD